000 00609nam a2200229Ia 4500
003 OSt
005 20220928114728.0
006 a|||||r|||| 00| 0
007 ta
008 220927b |||||||| |||| 00| 0 eng d
024 _a70877
037 _cTextual
040 _aSDCL
_cSDCL
_beng
041 _2eng
_aeng
082 _aX:54.2'N9, N1
100 _aAgarwala P N
_9364389
245 0 _aCountertrade
_b A global perspective.
260 _aNew Delhi
_bVikas Publication
_c1991
300 _ax,242p
_ccm.
942 _hX:54.2'N9, N1
_cTEXL
_2CC
999 _c756169
_d756169